Aulx = Garlic.

Bibliographic Details
Format: Book
Language:French
English
Published: Paris : Organisation de cooperation et de developpement economiques, 1979
Edition:Revision.
Series:International standardisation of fruit and vegetables.
Subjects:

MARC

Tag First Indicator Second Indicator Subfields
LEADER 00000cam a2200000 a 4500
001 in00000075998
005 20151008054932.0
008 801209c19791980fr a i00000 fre d
020 |a 9264020985 
035 |a (OCoLC)07016458 
035 |9 AAJ2105AM 
040 |a VPI  |c VPI  |d TXA  |d UtOrBLW 
041 0 |a fre  |a eng 
049 |a TXAM  |c [1406965] 
090 |a SB351.G3  |b A94 1979 
245 0 0 |a Aulx =  |b Garlic. 
246 3 1 |a Garlic. 
250 |a Revision. 
264 1 |a Paris :  |b Organisation de cooperation et de developpement economiques,  |c 1979 
264 4 |c ©1980 
300 |a 45 pages :  |b illustrations, (some color) ;  |c 24 cm. 
336 |a text  |b txt  |2 rdacontent 
337 |a unmediated  |b n  |2 rdamedia 
338 |a volume  |b nc  |2 rdacarrier 
490 1 |a Normalisation internationale des fruits et legumes = International standardisation of fruit and vegetables 
500 |a French and English. 
650 0 |a Garlic  |x Standards. 
740 0 |a Garlic. 
830 0 |a International standardisation of fruit and vegetables. 
999 |a MARS 
999 f f |s 716c62ac-27cf-3884-bb58-6ab5419d6b02  |i 41f3e204-13cc-3eba-8081-b2d343639e8a  |t 0 
952 f f |p ric  |a Texas A&M University  |b Rellis Campus  |c Joint Library Facility  |d Remote Storage  |t 0  |e SB351.G3 A94 1979  |h Library of Congress classification  |i unmediated -- volume  |m A14806235773 
998 f f |a SB351.G3 A94 1979  |t 0  |l Remote Storage